| 000 | 00613nam a2200205Ia 4500 | ||
|---|---|---|---|
| 003 | 0100 | ||
| 008 | 130227s9999 xx 000 0 und d | ||
| 040 | _cARRUPELIB | ||
| 050 | _aJF195.L3L4 | ||
| 100 | _aLe Page, Robert Brock | ||
| 245 | 4 | _aThe National language question | |
| 245 | _bLinguistic problems of newly independent states | ||
| 260 | _aLondon | ||
| 260 | _bOxford University Press | ||
| 260 | _C1964 | ||
| 650 | _bMugabe, Robert-Gabriel-Psychology | ||
| 650 | _cZimbabwe-politics-1980--Psychological aspects | ||
| 650 | _dZimbabwe-social conditions-1980--psychological aspects | ||
| 942 |
_2lcc _01 |
||
| 999 |
_c193 _d193 |
||